|
|
|
|
| LEADER |
00559cam a2200157 7i4500 |
| 001 |
0000026205 |
| 005 |
20110426090000.0 |
| 020 |
0 |
0 |
|a 978023028445690101
|
| 090 |
0 |
0 |
|a I 330.16
|b UNI
|
| 110 |
2 |
0 |
|a United Nations Development Programme ( UNDP )
|
| 245 |
2 |
0 |
|a Human development report 2010 :
|b the real wealth of nations :
|b the real wealth of nations :
|b pathways of human development.
|
| 250 |
0 |
0 |
|a 20th ed.
|
| 260 |
0 |
0 |
|a New York:
|b UNDP,
|c 2011.
|
| 300 |
# |
# |
|a 227 p.
|
| 650 |
0 |
0 |
|a Environmental economics
|
| 999 |
|
|
|a 0000028475
|b Book
|c International
|e Business Information Centre
|